000 00921nam a2200217 u 4500
001 000361469
003 AM-YeHGA
005 20250617131554.0
008 040916s1989 ||| r 000 0 rus d
040 _aAM-YeHGA
041 0 _arus
245 0 0 _aЭкономические и социальные проблемы регионального развития :
_b[Сб. ст.] /
_cАН СССР. Ин-т экономики; Под ред.: Л.И. Абалкина, В.Л. Квинта.
260 _aМосква :
_bБ. и.,
_c1989.
300 _a149 с.
653 0 _aНародное хозяйство СССР - Управление - Сборники
700 1 _aАбалкин, Леонид Иванович.
_eред.
_4edt
700 1 _aКвинт, В.Л.
_eред.
_4edt
710 2 _aАкадемия наук СССР
710 2 _aИнститут экономики АН СССР
090 _c139718
999 _c138343
_d138343